Peisaj şi amintire

Bibliographic Details
Main Author: Blaga, Lucian, 1895-1961 (Author)
Other Authors: Baciu, Constantin (Illuminator)
Format: Book
Language:Romanian, Moldovan
PhysicalDescription:194 s. 8°
Published: Bucureşti Ed. Sport-turism 1988

MARC

LEADER 00000nam a2200000 a 4500
001 vtls001334470
003 SK-MaSNL
005 20260301200513.0
008 240314s1988 rm 0 rum
035 |a SNK000287416 
040 |a SNK  |b slo  |c SNK  |e AACR2 
044 |a rm  |c RO 
100 1 |a Blaga, Lucian,  |d 1895-1961  |4 aut  |9 183386 
245 1 0 |a Peisaj şi amintire  |c Lucian Blaga ; coperta şi il. Constantin Baciu 
260 |a Bucureşti  |b Ed. Sport-turism  |c 1988 
300 |a 194 s.  |c 8° 
700 1 |a Baciu, Constantin  |4 ilu  |9 579778 
958 |a OND 
999 |c 890772  |d 892702 
952 |t P60, <04>, [BOOK], {604}  |a SNK  |b SNK  |y VYP  |7 0  |o snkIC 110939  |i snkV 343/89  |0 0  |1 0  |4 0  |d 1998-06-16  |l 0  |r 2005-01-02 00:00:00  |w 2026-02-24